OPAC | Catalogo Arcigay delle biblioteche LGBTQIA+

Il Catalogo di Arcigay delle Biblioteche LGBTQIA+ è un servizio fornito grazie alla collaborazione tra Arcigay nazionale e le associazioni locali aderenti al progetto che conservano e rendono pubbliche biblioteche a tema LGBTQIA+.

La ragazza dello Sputnik / (Record no. 28844)

MARC details
000 -LEADER
campo di controllo lung. fissa 00591nam a22002057i 4500
001 - Numero di controllo
campo di controllo IT\ICCU\UM1\0248463
003 - Identificatore del numero di controllo
campo di controllo ItRI
005 - Data e orario dell'ultima transazione
campo di controllo 20260306154524.0
008 - Elementi di lunghezza fissa--Informazione generale
campo di controllo lung. fissa 220908s2022 it |||||| ||||| |||||c
020 ## - ISBN (International Standard Book Number)
ISBN (International Standard Book Number) 9788804752370
040 ## - Fonte della catalogazione
Lingua della catalogazione ita
Agenzia che fa la trascrizione NP
041 #7 - Codice di lingua
Codice di lingua del testo/traccia sonora o titolo separato ita
Fonte del codice ISO-639-2
100 1# - Accesso principale -- nome di persona
Nome di persona Murakami, Haruki
Numero del record di authority o numero standard IT\ICCU\LO1V\086706
245 13 - Formulazione del titolo
Titolo La ragazza dello Sputnik /
Formulazione di responsabilità, ecc. Murakami Haruki ; traduzione dal giapponese di Giorgio Amitrano.
260 ## - Pubblicazione, distribuzione, ecc. (stampa)
Luogo di pubblicazione, distribuzione, ecc. [Milano] :
Nome dell'editore, distributore, ecc. Mondadori,
Data di pubblicazione, distribuzione, ecc. 2022
300 ## - Descrizione fisica
Estensione 216 p. ;
Dimensioni 20 cm.
982 #1 - EQUIVALENCE OR CROSS-REFERENCE-SERIES STATEMENT--CONFERENCE OR MEETING NAME/TITLE [LOCAL, CANADA]
Collegamento z01
Nome del convegno o nome della giurisdizione come accesso n
942 ## - Dati aggiuntivi (Koha)
Fonte della classificazione o dello schema di collocazione (segnatura) Classificazione decimale Dewey
Tipo copia default (Koha) Libri
981 #1 - EQUIVALENCE OR CROSS-REFERENCE-SERIES STATEMENT--CORPORATE NAME/TITLE [LOCAL, CANADA]
Collegamento z01
Nome dell'ente o nome della giurisdizione come accesso i
Unità subordinata xxxe
Holdings
Status ritirato Status smarrito: Fonte della classificazione o dello schema di collocazione (segnatura) Status danneggiato: Escluso dal prestito Biblioteca di appartenenza Biblioteca corrente Data di acquisti Totale prestiti Collocazione Codice a barre Data ultima revisione Prezzo effettivo da Tipo copia default (Koha)
    Classificazione decimale Dewey     ROVIGO | Politropia Arcigay Rovigo APS ROVIGO | Politropia Arcigay Rovigo APS 06/03/2026   895.635 HAR RAG 11747 06/03/2026 06/03/2026 Libri
Se cerchi informazioni su Arcigay, le puoi trovare nel nostro sito: www.arcigay.it